000 02586cam a22004814i 4500
003 PE-LiUPU
005 20250731173029.0
008 170809s2014 miu rb 000 0 eng d
020 _a0996030514
020 _a9780996030519
035 _a(Sirsi) a238203
040 _aPE-LiUPU
_bspa
_cPE-LiUPU
_erda
049 _aPRUA
082 0 4 _a230
_bS4
_220
245 0 0 _aShame & honor :
_bpresenting biblical themes in shame & honor contexts /
_cBruce L. Bauer [editor].
246 _aShame and honor
264 1 _aBerrien Springs, Michigan :
_bDepartment of World Mission, Andrews University,
_c2014.
336 _atext
_2rdacontent
337 _aunmediated
_2rdamedia
338 _avolume
_2rdacarrier
504 _aBibliografía : Al final de cada capítulo.
505 0 _aHonor, shame, and the cross: a missiological perspective from a muslim context -- Reflections on the concept of shame and honor in the biblical creation and fall narratives -- Shame and honor in the Beginning: a study of Genesis 4 -- Death before dishonor: communicating the Gospel in shame and honor contexts of Africa -- Shame/honor, guilt/innocence, fear/power -- Salvaging Hula honor: using redemptive analogies to communicate the Gospel in a "wiped out" culture -- Toward the moral vision of honor and shame in biblical perspective: worldview, identity, character -- Living in favor with God and man: honorable Christian living in a Theravada Buddhist context -- Worldview themes among Arab Muslim women -- Presenting biblical themes in a nomadic shame-honor community -- Mission and shame: lessons from Jesus' interaction with the Pharisees and law-scholars in Luke 11:37-54 -- The Gospel of shame and honor: atonement through Asian eyes.
526 _aSEG42
526 _aSEG41
526 _aSEG40
526 _aSEG39
526 _aP94
526 _aP87
526 _aP86
526 _aP85
526 _aP77
526 _aP76
526 _aP35
650 0 4 _aTeología.
650 0 4 _aVergüenza en la Biblia.
650 0 4 _aHonor--Aspectos religiosos--Cristiamismo.
910 _ajck
_bncf
_cncf
_d20170808
942 _2ddc
_cBOOK
949 _a230 S4
_wDEWEY
_c1
_i76698
_lCCODEBUL1
_mBUL
_p10.00
_r0
_sY
_tBOOK
_u2017-08-08
_xTEOLOGIA
_PP35
_0COMPRA
_o.STAFF. Colección Teología
596 _a1
999 _a230 S4
_wDEWEY
_c24906
_i76698
_f2021-11-9
_g4
_lCCODEBUL1
_mBUL
_p10.00
_r0
_sY
_tBOOK
_u2017-8-9
_xTEOLOGIA
_PP35
_0COMPRA
_o.STAFF. Colección Teología
_d24906
980 _81
_gALBERTO SANCHEZ Responsable de Automatización